Škótska sága. 2. /diel/ (Record no. 20628)
[ view plain ]
| 000 -LEADER | |
|---|---|
| fixed length control field | 01475nam a2200397 a 4500 |
| 001 - CONTROL NUMBER | |
| control field | 20628 |
| 003 - CONTROL NUMBER IDENTIFIER | |
| control field | VRT |
| 005 - DATE AND TIME OF LATEST TRANSACTION | |
| control field | 20260128113723.0 |
| 008 - FIXED-LENGTH DATA ELEMENTS--GENERAL INFORMATION | |
| fixed length control field | 250414s1985 xo 0 slo |
| 015 ## - NATIONAL BIBLIOGRAPHY NUMBER | |
| National bibliography number | SNBA1985/07 |
| 035 ## - SYSTEM CONTROL NUMBER | |
| System control number | SNK000037778 |
| 039 #9 - LEVEL OF BIBLIOGRAPHIC CONTROL AND CODING DETAIL [OBSOLETE] | |
| Level of rules in bibliographic description | 202504141425 |
| Level of effort used to assign nonsubject heading access points | VLOAD |
| Level of effort used to assign subject headings | 202503180824 |
| Level of effort used to assign classification | AUTHORITY |
| Level of effort used to assign subject headings | 202403141433 |
| Level of effort used to assign classification | VLOAD |
| Level of effort used to assign subject headings | 202109281347 |
| Level of effort used to assign classification | VLOAD |
| 040 ## - CATALOGING SOURCE | |
| Original cataloging agency | SNK |
| Language of cataloging | slo |
| Transcribing agency | SNK |
| Description conventions | AACR2 |
| 041 0# - LANGUAGE CODE | |
| Language code of text/sound track or separate title | xo |
| 044 ## - COUNTRY OF PUBLISHING/PRODUCING ENTITY CODE | |
| MARC country code | xo |
| ISO country code | SK |
| 080 ## - UNIVERSAL DECIMAL CLASSIFICATION NUMBER | |
| Universal Decimal Classification number | 820 (411)-3 |
| Edition identifier | 1981 |
| 100 1# - MAIN ENTRY--PERSONAL NAME | |
| Personal name | Gibbon, Lewis Grassic, |
| Dates associated with a name | 1901-1935 |
| Relationship | aut |
| 245 10 - TITLE STATEMENT | |
| Title | Škótska sága. 2. /diel/ |
| Remainder of title | Oblaky nad údolím |
| Statement of responsibility, etc. | Lewis Grassic Gibbon ; Magda Žáryová, Adela Jakabová, Ján Turan |
| 250 ## - EDITION STATEMENT | |
| Edition statement | 1. vyd. |
| 260 ## - PUBLICATION, DISTRIBUTION, ETC. | |
| Place of publication, distribution, etc. | Bratislava |
| Name of publisher, distributor, etc. | Pravda |
| Date of publication, distribution, etc. | 1985 |
| Place of manufacture | Bratislava |
| Manufacturer | Pravda |
| 300 ## - PHYSICAL DESCRIPTION | |
| Extent | 216 s., 12,21 AH |
| Dimensions | 21 cm |
| 366 ## - TRADE AVAILABILITY INFORMATION | |
| Note | 33000 výtl. |
| 490 0# - SERIES STATEMENT | |
| Series statement | Maják |
| 500 ## - GENERAL NOTE | |
| General note | Členská knižnica Pravda. Ilustr. na front. a predsádkach Cena za 1., 2. a 3. zv. 65 Kčs. |
| 700 1# - ADDED ENTRY--PERSONAL NAME | |
| Personal name | Žáryová, Magda, |
| Dates associated with a name | 1927-2009 |
| Relationship | trl |
| 700 1# - ADDED ENTRY--PERSONAL NAME | |
| Personal name | Jakabová, Adela, |
| Dates associated with a name | 1945- |
| Relationship | bkd |
| 700 1# - ADDED ENTRY--PERSONAL NAME | |
| Personal name | Turan, Ján |
| Relationship | oth |
| 942 ## - ADDED ENTRY ELEMENTS (KOHA) | |
| Source of classification or shelving scheme | Dewey Decimal Classification |
| Koha item type | Krásna literatúra pre dospelých |
| Suppress in OPAC | No |
| 949 ## - LOCAL PROCESSING INFORMATION (OCLC) | |
| 6 | 273K0034171 |
| a | svkpoA 133438/II |
| b | svkpo318322 |
| 949 ## - LOCAL PROCESSING INFORMATION (OCLC) | |
| 6 | 273K0034168 |
| a | svkpoA 133438/IIa |
| b | svkpo318323 |
| 949 ## - LOCAL PROCESSING INFORMATION (OCLC) | |
| 6 | 4710701512 |
| 9 | 1 |
| a | strmkB |
| b | strmk2008/1512 |
| 949 ## - LOCAL PROCESSING INFORMATION (OCLC) | |
| 6 | 17A0394566 |
| 9 | P60, <05>, [BOOK], {605} |
| a | snkSC 63269/2 D1 |
| b | snkKSP 4702/85 |
| 949 ## - LOCAL PROCESSING INFORMATION (OCLC) | |
| 6 | 17A0918323 |
| a | snkSC 63269/2 |
| Stav vyradenia | Strata | Poškodenie | Spôsob nadobudnutia | Domovská knižnica | Aktuálna knižnica | Dátum nadobudnutia | Total checkouts | Čiarový kód exemplára | Date last seen | Typ exemplára |
|---|---|---|---|---|---|---|---|---|---|---|
| Dar | Obecná knižnica Horná Štubňa | Obecná knižnica Horná Štubňa | 28.01.2026 | 4736200745 | 28.01.2026 | Krásna literatúra pre dospelých |
